|
|
|
|
| LEADER |
00000nam0a2200000 4500 |
| 001 |
154439 |
| 005 |
20231101221751.0 |
| 010 |
|
|
|a 9780521844130
|
| 035 |
|
|
|a (RuTPU)RU\TPU\book\167520
|
| 090 |
|
|
|a 154439
|
| 100 |
|
|
|a 20090226d2006 k y0engy50 ba
|
| 101 |
0 |
|
|a eng
|
| 102 |
|
|
|a GB
|
| 105 |
|
|
|a a z 001zy
|
| 200 |
1 |
|
|a The Ecology of Phytoplankton
|f C. S. Reynolds
|
| 210 |
|
|
|a Cambridge
|c Cambridge University Press
|d 2006
|
| 215 |
|
|
|a 535 p.
|c il.
|
| 225 |
1 |
|
|a Ecology, Biodiversity and Conservation
|
| 320 |
|
|
|a Библиография в конце глав.
|
| 606 |
1 |
|
|a Экологическая физиология животных
|2 stltpush
|3 (RuTPU)RU\TPU\subj\26516
|9 50428
|
| 610 |
1 |
|
|a зоология
|
| 610 |
1 |
|
|a фитопланктон
|
| 610 |
1 |
|
|a экология
|
| 610 |
1 |
|
|a английский язык
|
| 675 |
|
|
|a 591.1
|v 3
|
| 700 |
|
1 |
|a Reynolds
|b C. S.
|g Colin S.
|
| 801 |
|
1 |
|a RU
|b 63413507
|c 20090226
|g PSBO
|
| 801 |
|
2 |
|a RU
|b 63413507
|c 20090305
|g PSBO
|
| 942 |
|
|
|c BK
|